| 000 | 00568nam a22001817a 4500 | ||
|---|---|---|---|
| 005 | 20251108172512.0 | ||
| 008 | 250721s9999 xx 000 0 ara d | ||
| 082 | 1 | 4 | _a31ر928عبد |
| 100 | 1 | _aعبد الرؤوف، محمد عوني | |
| 245 | 1 | 0 | _aفردريش ريكرت عاشق الأدب العربي / |
| 264 | 1 |
_aالقاهرة : _bالجمعية الأدبية المصرية، |
|
| 300 | _a122ص. | ||
| 650 | 1 | 7 | _aالأدب الألماني |
| 650 | 1 | 7 | _aالشعرالألماني |
| 650 | 1 | 7 | _aالتراجم |
| 942 |
_2ddc _cBK |
||
| 999 |
_c80998 _d80998 |
||